00934 2200325 4500001002100000005001500021035002000036007000300056008004100059020002200100040002200122082001600144084001800160090001800178100002500196245006500221300005000286650002200336850001200358264004400370336002100414337003000435338002300465990002000488990002000508990002000528990002000548990002000568990002000588INLIS00000000089692920250611095548 a0010-0625000300ta250611s2024 jkia g ind d a978-623-00-5872-1 aYOPDYOGbinderda04223a381.142 a381.142 SUR p a381.142 SUR p0 aSu RahmanePengarang10aPanduan optimalisasi AI untuk digital marketing /cSu Rahman avi, 210 halaman :bilustrasi, gambar ;c21 cm 4aPemasaran digital aYOPDYOG31aJakarta :bElex Media Komputindo,c2024 2rdacontentateks 2rdamediaatanpa perantara 2rdacarrieravolume a48742-PD/B.2025 a48743-PD/B.2025 a48742-PD/B.2025 a48743-PD/B.2025 a48743-PD/B.2025 a48742-PD/B.2025